000 00303nam a22001337a 4500
005 20230120102504.0
008 230120b |||||||| |||| 00| 0 eng d
040 _c##$aRTC$cRTC
082 _a823.4
100 _aAphra Behn
245 _aOroonoko
_cAphra Behn
260 _c2003
942 _2ddc
_cCE TEXBOOK
999 _c9231
_d9232